• 首页
  • 本馆介绍
  • 公告通知
  • 最新文献
  • 馆藏检索
  • 电子资源
  • 读者导购
  • 参考咨询
  • 我的图书馆
  • 登录
  • 详细信息显示
  • 放入我的书架
  • 预约/预借图书
  • 作者相关作品
  • 分类相关作品
  • 丛书相关作品
  • 出版社相关作品

书目信息

  • 表格格式
  • 工作单格式
  • 卡片格式
题名:
仡央语言探索
    
 
作者: 李锦芳 周国炎
分册:  
出版信息: 北京   中央民族大学出版社  36434
页数: 275页
开本: 20cm
丛书名:
单 册:
中图分类: H289
科图分类:
主题词: 少数民族--民族语--中国
电子资源:
ISBN: 7-81056-289-6
000 00551nam0 2200181 450
001 0728815141
005 20070819080015.14
010    @a7-81056-289-6@d¥20.00
100    @a20070819d km y0chiy0120 ea
101 0  @achi
200 1  @a仡央语言探索@Ayi yang yu yan tan suo@f李锦芳 周国炎@Fli jin fang zhou guo yan
210    @a北京@c中央民族大学出版社@d36434
215    @a275页@d20cm
606 0  @a少数民族@x民族语@x中国
690    @aH289@v3
701  0 @a李锦芳 周国炎@Ali jin fang zhou guo yan
801  0 @aCN@bPFT@c20070819
905    @a213230@dH289@eZW4@f1
    
    仡央语言探索/李锦芳 周国炎.-北京:中央民族大学出版社,36434
    275页;20cm
    
    
    ISBN 7-81056-289-6:¥20.00
    
●
相关链接 在E读中查询图书 在五车中查询图书 在当当中查询图书 在豆瓣中查询图书


正题名:仡央语言探索     索取号:H289/ZW4         预约/预借

序号 登录号 条形码 馆藏地/架位号 状态 备注
1 7604400   276044004   密集书库-文学院/ [索取号:H289/ZW4] 在馆    
唐山师范学院图书馆 欢迎您!
大连网信软件有限公司© 版权所有